Datum a čas kvízu
27.5
Celkem bodů
Celkový počet nahraných bodů na tomto kvízu bez doplňovacích otázek.
4.
Pořadí na kvízu
Konečné umístění týmu na tomto kvízu.
Zaznamenané odpovědi
| # | Otázka | Odpověď | Body | Výsledky |
|---|---|---|---|---|
| 1. | Poslanci jedné parlamentní str... | 1 | ||
| 2. | Bývalý ukrajinský prezident by... | 0 | ||
| 3. | Americká filmová akademie minu... | 1 | ||
| 4. | Třemi podpisy stvrdili zástupc... | 1 | ||
| 5. | Útočník Komety Martin Erat vst... | 1 | ||
| 22. | Tento živočich z řádu krokodýl... | 0 | ||
| 23. | Několik druhů chameleonů (např... | 1 | ||
| 24. | Jak se nazývá tento živočich?... | 1 | ||
| 25. | Napište jméno herce s tureckým... | 1 | ||
| 10. | Název politického hnutí založe... | 0 |